[Event "Mittelfranken-ch QT 51st"]
[Site "Zirndorf"]
[Date "2002.??.??"]
[Round "5"]
[White "Doering, Sandra"]
[Black "Voelkel, Roland"]
[Result "0-1"]
[WhiteElo "1639"]
[BlackElo "1811"]
[PlyCount "86"]
[EventDate "2002.03.27"]
[EventType "swiss"]
[EventRounds "7"]
[EventCountry "GER"]
[SourceTitle "EXT 2015"]
[Source "ChessBase"]
[SourceDate "2014.11.20"]
[SourceVersion "1"]
[SourceVersionDate "2014.11.20"]
[SourceQuality "1"]

1. e4 c6 2. d4 d5 3. exd5 cxd5 4. Bd3 Nc6 5. c3 g6 6. Bf4 Bg7 7. Nf3 Nf6 8. Nbd2 0-0 9. h3 a6 10. 0-0 b5 11. a3 Nd7 12. Re1 Bb7 13. Qe2 Re8 14. Bg5 Qb6 15. Nb3 e5 16. dxe5 Ncxe5 17. Be3 Nxf3+ 18. gxf3 Qe6 19. Qf1 Ne5 20. Be2 Bc8 21. f4 Nc4 22. Bxc4 dxc4 23. Bc5 Qc6 24. Rxe8+ Qxe8 25. Qg2 Bxh3 26. Qxh3 cxb3 27. Qf3 Rd8 28. Rd1 Bf8 29. Bd4 Qd7 30. Kh2 Bg7 31. Qe4 Qg4 32. Rd3 Qd7 33. Kg3 h5 34. Kh2 Qe8 35. Qf3 Bxd4 36. cxd4 Rc8 37. Rd2 Qe1 38. Re2 Qf1 39. Rd2 Rc1 40. Kg3 Qg1+ 41. Kh4 Qh2+ 42. Kg5 Kg7 43. Rd1 f6# 0-1

[Event "Nuremberg Zabo op 03rd"]
[Site "Nuremberg"]
[Date "2001.09.21"]
[Round "1"]
[White "Voelkel, Roland"]
[Black "Thoma, Dirk"]
[Result "1-0"]
[WhiteElo "1838"]
[BlackElo "1326"]
[PlyCount "67"]
[EventDate "2001.09.21"]
[EventType "swiss"]
[EventRounds "5"]
[EventCountry "GER"]
[SourceTitle "EXT 2003"]
[Source "ChessBase"]
[SourceDate "2002.11.25"]
[SourceVersion "1"]
[SourceVersionDate "2002.11.25"]
[SourceQuality "1"]

1. e4 c5 2. d4 cxd4 3. c3 e6 4. Nf3 Nc6 5. Bc4 Qc7 6. Qe2 Be7 7. 0-0 Nf6 8. cxd4 d5 9. exd5 exd5 10. Bb5 0-0 11. h3 a6 12. Bxc6 bxc6 13. Nc3 Bf5 14. Bg5 Bd6 15. Bxf6 gxf6 16. Nh4 Bh2+ 17. Kh1 Rae8 18. Qf3 Be4 19. Nxe4 dxe4 20. Qg4+ Kh8 21. g3 Rg8 22. Qf5 Bxg3 23. Qxf6+ Rg7 24. Nf5 Reg8 25. Nxg3 e3 26. Nf5 Qf4 27. f3 e2 28. Rf2 Qd2 29. Rxe2 Qxe2 30. Nxg7 Rxg7 31. Rg1 Qxf3+ 32. Qxf3 f5 33. Qxf5 Rxg1+ 34. Kxg1 1-0